Tse-Hsi (Record no. 33837)
[ view plain ]
| 000 -LEADER | |
|---|---|
| campo de control de longitud fija | 00775nam a2200229 i 4500 |
| 001 - NÚMERO DE CONTROL | |
| campo de control | 33837 |
| 003 - IDENTIFICADOR DE NÚMERO DE CONTROL | |
| campo de control | ES-MaACL |
| 005 - FECHA Y HORA DE LA ÚLTIMA TRANSACCIÓN | |
| campo de control | 20250927123249.0 |
| 007 - CAMPO FIJO DE DESCRIPCIÓN FÍSICA--INFORMACIÓN GENERAL | |
| campo de control de longitud fija | t| |
| 008 - DATOS DE LONGITUD FIJA--INFORMACIÓN GENERAL | |
| campo de control de longitud fija | 030203s1956 sp df |||| |bspa d |
| 100 1# - ENTRADA PRINCIPAL--NOMBRE DE PERSONA | |
| Nombre de persona | Bland, J. O. |
| 9 (RLIN) | 29314 |
| 245 10 - MENCIÓN DEL TÍTULO | |
| Título | Tse-Hsi |
| Resto del título | : emperatriz regente (China de 1835 a 1909) / |
| Mención de responsabilidad, etc. | J.O. Bland y E. Backhouse ; traducción de Marcela de Juan. |
| 260 ## - PUBLICACIÓN, DISTRIBUCIÓN, ETC. | |
| Lugar de publicación, distribución, etc. | Madrid : |
| Nombre del editor, distribuidor, etc. | Espasa Calpe, |
| Fecha de publicación, distribución, etc. | 1956. |
| 300 ## - DESCRIPCIÓN FÍSICA | |
| Extensión | 279 p., 15 lám. : |
| Otras características físicas | 1 gráf. pleg. ; |
| Dimensiones | 23 cm. |
| 490 1# - MENCIÓN DE SERIE | |
| Mención de serie | Grandes biografías |
| 600 14 - PUNTO DE ACCESO ADICIONAL DE MATERIA--NOMBRE DE PERSONA | |
| Nombre de persona | Tse-Hsi, Emperatriz de China. |
| 9 (RLIN) | 169442 |
| 651 #4 - PUNTO DE ACCESO ADICIONAL DE MATERIA--NOMBRE GEOGRÁFICO | |
| Nombre geográfico | China- |
| Subdivisión general | Historia- |
| Subdivisión cronológica | S.XIX. |
| 9 (RLIN) | 159987 |
| 700 1# - ENTRADA AGREGADA--NOMBRE PERSONAL | |
| Nombre de persona | Juan, Marcela de, |
| Fechas asociadas al nombre | 1905-1981 |
| 9 (RLIN) | 67096 |
| 830 0# - PUNTO DE ACCESO ADICIONAL DE SERIE-TÍTULO UNIFORME | |
| Título uniforme | Grandes biografías |
| 9 (RLIN) | 181124 |
| 852 ## - LOCALIZACIÓN | |
| Ubicación | ES-MaACL |
| Número de control de estantería | C-10242 |
| Estatus retirado | Estado de pérdida | Estado de daño | No para préstamo | Biblioteca de origen | Biblioteca actual | Ubicación en estantería | Fecha de adquisición | Fuente de adquisición | Total de préstamos | Signatura topográfica completa | Código de barras | Visto por última vez | Precio de reemplazo | Tipo de ítem Koha |
|---|---|---|---|---|---|---|---|---|---|---|---|---|---|---|
| Biblioteca del Ateneo de Madrid | Biblioteca del Ateneo de Madrid | Sala Palomar | 17/01/2008 | C-10242 | 1035231 | 23/02/2023 | 23/02/2023 | Libro impreso |
